Laboratory experiments in physics

Gardado en:
Detalles Bibliográficos
Main Authors: Dull, Charles Elwood (Author), Metcalfe, Harold Clark (Author), Williams, John Esco (Author)
Formato: Libro
Idioma:inglés
Publicado: Nueva York Holt, Rinehart and Winston 1964
Edición:3a. ed
Subjects:
Tags: Engadir etiqueta
Sen Etiquetas, Sexa o primeiro en etiquetar este rexistro!

MARC

LEADER 00000nam a2200000 a 4500
001 UCT1508
003 CL-VaPUC
008 960927e19640000US |||||||||||||||||eng|d
082 0 4 |a 530.8  |b DUL  |2 21 
100 0 |a Dull, Charles Elwood  |e author  |9 370420 
700 0 |a Metcalfe, Harold Clark  |e author  |9 370421 
700 0 |a Williams, John Esco  |e author  |9 370422 
245 1 0 |a Laboratory experiments in physics 
250 |a 3a. ed 
300 |a 195 p 
942 |c BK 
945 |d 19960927 00:00:00  |a paguirre 
260 |a Nueva York  |b Holt, Rinehart and Winston  |c 1964 
650 0 |a Física   |9 227844 
650 7 |a LABORATORIOS  |2 CL-VaPUC  |9 264068 
650 7 |a FUERZAS  |2 CL-VaPUC  |9 360776 
650 0 |a Mecánica   |9 260096 
650 0 |a Moléculas   |9 259584 
650 0 |a Calor específico  |9 259409 
650 0 |a Líquidos  |9 260946 
650 0 |a Sólidos  |9 260188 
650 0 |a Estados de la Materia  |9 347141 
583 |a last modification  |c 19960927 00:00:00  |k Rodrigo Vera 
999 |c 252010  |d 252008 
952 |0 0  |1 0  |4 0  |6 530_800000000000000_DUL_1964  |7 0  |8 A  |9 271591  |a BIBCUR  |b BIBCUR  |d 2019-11-19  |i 1764063  |o 530.8 DUL 1964  |p 1764063  |r 2025-04-22  |w 2019-11-19  |y BK  |k BCB